Luis de Requesens : el gran olvidado de Lepanto : lugarteniente de Don Juan de Austria y gobernador de los Estados de Milán y de Flandes / por Isidro Clopas Batlle ; presentación de Federico Udina Martorell el gran olvidado de Lepanto :
Descripción Física:
241 p., [14] làm. ; 21'5 cm
Otros Autores:
Udina i Martorell, Frederic, 1914-2011
MARC
| LEADER | 00000nam a2200000Ia 4500 | ||
|---|---|---|---|
| 001 | 1198 | ||
| 008 | 160829s1971 xx 000 0 cat d | ||
| 080 | |a H-1-301 | ||
| 100 | 1 | |a Clopas i Batlle, Isidre, |d 1913-2001 |9 24339 | |
| 245 | |a Luis de Requesens : |b el gran olvidado de Lepanto : |b lugarteniente de Don Juan de Austria y gobernador de los Estados de Milán y de Flandes / por Isidro Clopas Batlle ; presentación de Federico Udina Martorell | ||
| 260 | |a Martorell : |b (Gráficas Martorell), |c 1971 | ||
| 300 | |a 241 p., [14] làm. ; |c 21'5 cm | ||
| 650 | |a Requesens i de Zúñiga, Luis de |x Biografia |9 26035 | ||
| 700 | 1 | |a Udina i Martorell, Frederic, |d 1914-2011 |9 35690 | |
| 901 | |a Arxiu | ||
| 942 | |n 1 | ||
| 952 | |0 0 |1 0 |4 0 |6 H1301 |7 1 |9 43862 |a Arxiu |b Arxiu |d 2016-12-01 |l 0 |o H-1-301 |p 1198 |r 2016-12-01 00:00:00 |w 2016-12-01 |y ARXIU | ||
| 999 | |c 46441 |d 46441 | ||